Internet having major impact but UK business yet to harness it's full potential (Record no. 78143)
[ view plain ]
| 000 -LEADER | |
|---|---|
| fixed length control field | 01114cab a2200193 4500 |
| 001 - CONTROL NUMBER | |
| control field | L136116 |
| 008 - FIXED-LENGTH DATA ELEMENTS--GENERAL INFORMATION | |
| fixed length control field | 070111n2006 000 0 eng u |
| 035 ## - SYSTEM CONTROL NUMBER | |
| System control number | (Sirsi) u136116 |
| 041 0# - LANGUAGE CODE | |
| Language code of text/sound track or separate title | eng |
| 110 2# - MAIN ENTRY--CORPORATE NAME | |
| Corporate name or jurisdiction name as entry element | Confederation of British Industry |
| 9 (RLIN) | 414 |
| 245 00 - TITLE STATEMENT | |
| Title | Internet having major impact but UK business yet to harness it's full potential |
| 260 ## - PUBLICATION, DISTRIBUTION, ETC. | |
| Date of publication, distribution, etc. | 2006 |
| 520 ## - SUMMARY, ETC. | |
| Summary, etc. | Discusses how the Internet has changed the way that UK businesses operate, the way people work, and the way goods and services are sold and advertised. However a survey from CBI and Google has found that over two-thirds of respondents said their company still had a lot to learn about how to reach customers online, and only a quarter of respondents felt that they make better use of the Internet than their competitors. |
| 590 ## - LOCAL NOTE (RLIN) | |
| Local note | KA |
| 651 #4 - SUBJECT ADDED ENTRY--GEOGRAPHIC NAME | |
| Geographic name | United Kingdom |
| Chronological subdivision | |
| 690 ## - LOCAL SUBJECT ADDED ENTRY--TOPICAL TERM (OCLC, RLIN) | |
| Topical term or geographic name as entry element | MANAGEMNET-BUSINESS MANAGEMENT-INFORMATION MANAGEMENT |
| 856 40 - ELECTRONIC LOCATION AND ACCESS | |
| Uniform Resource Identifier | <a href="https://www.cbi.org.uk/ndbs/press.nsf/38e2a44440c22db6802567300067301b/0fc3b0741cabae318025722c004fe163?OpenDocument">https://www.cbi.org.uk/ndbs/press.nsf/38e2a44440c22db6802567300067301b/0fc3b0741cabae318025722c004fe163?OpenDocument</a> |
| Public note | View the item free of charge at www.cbi.org.uk... |
| 942 ## - ADDED ENTRY ELEMENTS (KOHA) | |
| Suppress in OPAC | 0 |
| Withdrawn status | Lost status | Source of classification or shelving scheme | Damaged status | Not for loan | Home library | Current library | Shelving location | Date acquired | Total Checkouts | Full call number | Barcode | Date last seen | Copy number | Price effective from | Koha item type |
|---|---|---|---|---|---|---|---|---|---|---|---|---|---|---|---|
| Dewey Decimal Classification | Virtual | Virtual | Online | 11/01/2007 | ONLINE PUBLICATION | 136116-2001 | 06/08/2019 | 1 | 06/08/2019 | Journal article |